Chicken Soup for the teen soul (Record no. 2680)
[ view plain ]
| 000 -LEADER | |
|---|---|
| fixed length control field | 00225nam a22000857a 4500 |
| 008 - FIXED-LENGTH DATA ELEMENTS--GENERAL INFORMATION | |
| fixed length control field | 160804b xxu||||| |||| 00| 0 eng d |
| 100 ## - MAIN ENTRY--PERSONAL NAME | |
| 9 (RLIN) | 29 |
| Personal name | Canfield J |
| 245 ## - TITLE STATEMENT | |
| Title | Chicken Soup for the teen soul |
| 260 ## - PUBLICATION, DISTRIBUTION, ETC. (IMPRINT) | |
| Place of publication, distribution, etc. | Chennai |
| Name of publisher, distributor, etc. | Westland |
| Date of publication, distribution, etc. | 2008 |
| Withdrawn status | Lost status | Source of classification or shelving scheme | Damaged status | Koha normalized classification for sorting | Not for loan | Home library | Current library | Shelving location | Date acquired | Total Checkouts | Total Renewals | Full call number | Barcode | Date last seen | Date last checked out | Price effective from | Koha item type |
|---|---|---|---|---|---|---|---|---|---|---|---|---|---|---|---|---|---|
| Dewey Decimal Classification | 823_000000000000000 | Good Samaritan School Library | Good Samaritan School Library | FICTION | 08/04/2016 | 13 | 1 | 823 | CAN11696 | 05/09/2024 | 05/06/2024 | 08/04/2016 | BOOK |